Score 0/36 Timer 05:00
4 Plays Today
% Correct
Nike
88.1%
KFC
86.3%
McDonald's
86.3%
Wikipedia
83.5%
Disneyland
83%
M&M's
82.6%
Rolex
82%
Red Bull
76.5%
Folgers
75%
Gillette
74.8%
Energizer
72.4%
Foster's
68.8%
MasterCard
62.1%
BP
61.8%
Qantas
58.6%
Pringles
58.4%
Sporcle
57.7%
Apple
54.5%
% Correct
Visa
51.8%
Coca-Cola
51.7%
Jaguar
45.4%
John Deere
43.9%
Burger King
43.2%
American Red Cross
39.4%
Mazda
39.3%
Adidas
37.3%
EA Games
32.4%
Yellow Pages
31.5%
Ford
31%
Subaru
27.1%
Samsung
26.2%
Shell
25.4%
Guinness
24.4%
Vodafone
22.1%
Cadbury
17.4%
Goodyear
15.7%
Remove Ads.
Support Sporcle.
Get the best of Sporcle when you Go Orange. This ad-free experience offers more features, more stats, and more fun while also helping to support Sporcle. Thank you for becoming a member.

You're not logged in!

Compare scores with friends on all Sporcle quizzes.
OR
Log In

Sporcle TV

Today on Sporcle TV


Watch our educational content, quiz creation guides, and fun videos on Sporcle TV.

Show Comments

Extras

Top Quizzes Today


Score Distribution

Paid Content

Your Account Isn't Verified!

In order to create a playlist on Sporcle, you need to verify the email address you used during registration. Go to your Sporcle Settings to finish the process.

Report this User

Report this user for behavior that violates our Community Guidelines.

Details: